Kluby z największą ilością miejsc na podium w Premier League - Statystyki

Ogólne statystyki
  • Ten quiz został rozwiązany 2 177 razy
    1 455 od ostatniego zresetowania
  • Średni wynik to 9 z 13
Statystyki odpowiedzi
Odpowiedź 1. 2. 3 % Poprawnych
1 Manchester United 13 7 5
99%
5 Liverpool FC 1 5 7
98%
2 Manchester City 8 3 2
98%
3 Chelsea FC 5 4 6
97%
4 Arsenal FC 3 8 5
96%
9 Tottenham Hotspur FC 0 1 2
85%
7 Leicester City 1 0 0
61%
10 Aston Villa 0 1 0
60%
8 Newcastle United 0 2 2
56%
6 Blackburn Rovers 1 1 0
38%
11 Leeds United 0 0 1
36%
11 Nottingham Forest 0 0 1
29%
11 Norwich City 0 0 1
3%
Nie znaleziono quizów pasujących do podanych kryteriów
Rozkład punktacji
Procent ludzi z każdym wynikiem
Percentyl według liczby udzielonych odpowiedzi
Twoja historia wyników
Nie rozwiązałeś tego quizu od ostatniego zresetowania